| 000 | 01768nam0a2200337 i 4500 | ||
|---|---|---|---|
| 001 | RU\NLR\bibl\2025622 | ||
| 005 | 20260407180136.0 | ||
| 010 |
_a9785980610845 _9200 |
||
| 021 |
_aRU _b2013-24861 _91710 |
||
| 035 | _a(NLR Aleph) 002013665 | ||
| 090 |
_a4471006 _c4471006 |
||
| 100 | _a20130418d2012 u y0rusy50 ca | ||
| 101 | 0 | _arus | |
| 102 | _aRU | ||
| 105 | _aa ||||||||| | ||
| 200 | 1 |
_aВерую, Господи!... _e[сборник памяти Анамаисы (Аси) Борисовны Сабитовой] _fФедер. гос. бюджет. образоват. учреждение высш. проф. образования "Моск. гос. гуманит. ун-т им. М.А. Шолохова", Уфим. фил. _g[сост.: Валиева И.Р., Бигнова М.Р., преп. _gпод общ. ред. Бабенко В.Я., к.ист.н., доц.] |
|
| 210 |
_aУфа _cИзд-во Уфимского филиала МГГУ _d2012 |
||
| 215 |
_a112 с. _cил., портр. _d20 |
||
| 606 | 1 |
_aРелигия _jСборники _9978692 _3RU\NLR\AUTH\6649461 |
|
| 686 | 1 | _aЭ2,0я44 | |
| 702 | 1 |
_4570 _8rus _7ca _aСабитова _bА. Б. _f1944-2005 _gАнамаиса Борисовна _3RU\NLR\auth\77125691 _9108616 |
|
| 702 | 1 |
_aБабенко _bВ. Я. _gВасилий Яковлевич _4340 |
|
| 702 | 1 |
_aВалиева _bИ. Р. _4220 |
|
| 712 | 0 | 2 |
_4570 _aМосковский государственный гуманитарный университет им. М. А. Шолохова _bУфимский филиал _3RU\NLR\AUTH\8810114375 _9728114 |
| 801 | 0 |
_aRU _bNLR _c20130418 _gRCR |
|
| 801 | 1 |
_aRU _bNLR _c20130418 |
|
| 830 | _aред. по эк | ||
| 942 | _cBOOK | ||
| 980 | _aNBR | ||